| 000 | 00459nam a2200205Ia 4500 | ||
|---|---|---|---|
| 003 | 0100 | ||
| 008 | 130303s9999 xx 000 0 und d | ||
| 020 | _a0582316464 | ||
| 040 | _cARRUPELIB | ||
| 050 | _aDS119.7.S37935 1999 | ||
| 100 | _aSchulze, Kirsten E. | ||
| 245 | 4 | _aThe Arab-Israeli conflict | |
| 260 | _aLondon | ||
| 260 | _bLongman | ||
| 260 | _C1999 | ||
| 300 | _a146p. | ||
| 300 | _b 22cm | ||
| 650 | _bRahner, Karl | ||
| 942 |
_2lcc _02 |
||
| 999 |
_c61594 _d61594 |
||